| 000 | | | 05235cmc2a2200000#x 450 |
| 001 | | | 6db36eec-dc71-484b-a011-99a49f960fd1 |
| 005 | | | 20181004150606.0 |
| 100 | ## | $a | 20130916l19111912k y0rusy0189 ca |
| 101 | 0# | $a | rus |
| 102 | ## | $a | RU |
| 225 | 0# | $a | Фонд Планы и чертежи гражданской архитектуры (коллекция) |
| | $h | Опись № 3 |
| | $i | Оренбургская - Симбирская губерния. 1747-1916 гг. |
| 300 | ## | $a | Бумага. Тушь, карандаш, акварель |
| 300 | ## | $a | Рукописный текст. Чернила |
| 324 | ## | $a | Графика |
| 801 | #0 | $a | RU |
| | $b | РГИА |
| | $c | 20130916 |
| 801 | #1 | $a | RU |
| | $b | ГлавНИВЦ |
| | $c | 20130916 |
| | $2 | rusmarc |
| 801 | #2 | $a | RU |
| | $b | ПБ им. Б.Н. Ельцина |
| | $c | 20130919 |
| | $g | RCR |
| | $2 | rusmarc |
| 850 | ## | $a | Федеральное казенное учреждение "Российский государственный исторический архив" (РГИА) |
| 852 | ## | $a | РГИА |
| | $j | 405 |
| 937 | ## | $a | ASBIBLIO_SCAN |
| | $b | РГИА_1488:_3:_405: |
| | $d | 2038578 |
| | $h | РГИА |
| 200 | 1# | $a | Дом фирмы Мертенс на Невском проспекте |
| | $j | 1911 - 1912 |
| 215 | ## | $a | 12 листов |
| 035 | ## | $a | 6db36eec-dc71-484b-a011-99a49f960fd1 |
| 607 | ## | $2 | prlib_sh |
| | $3 | LIBNET\UAF\0000077629 |
| | $a | Дом Мертенса (Санкт-Петербург, город) |
| | $j | Планы |
| 606 | 1# | $2 | nlr_sh |
| | $3 | RU\NLR\AUTH\661440613 |
| | $a | Здания |
| | $j | Планы |
| | $x | История |
| | $y | Невский проспект (Санкт-Петербург, город) |
| 605 | ## | $2 | acquisition_Prlib |
| | $3 | LIBNET\UAF\0000077506 |
| | $a | Невский проспект |
| | $l | коллекция |
| 605 | ## | $a | Территория |
| | $l | коллекция |
| | $2 | acquisition_Prlib |
| | $3 | DITM\AF\0000004675 |
| 605 | ## | $a | Территория России: Санкт-Петербург, город |
| | $l | коллекция |
| | $2 | acquisition_Prlib |
| | $3 | LIBNET\UAF\0000039016 |
| 617 | ## | $2 | prlib_sh |
| | $d | Санкт-Петербург, город |
| 686 | ## | $2 | rubbk |
| | $a | 63.3(2-2СПб)5я67 |
| | $v | LBC/M |
| 122 | 2# | $a | d1911###### |
| | $a | d1912###### |
| 251 | ## | $c | Дело |
| 461 | #0 | $1 | 0017de747d8-0bd1-4ece-96d5-295c99cc9c03 |
| | $1 | 2001 |
| | $a | Планы и чертежи гражданской архитектуры (коллекция) |
| | $1 | 251 |
| | $c | Фонд |
| | $1 | 852 |
| | $j | 1488 |
| 462 | #0 | $1 | 00169ff5562-7291-4591-a1e8-40ff27402cbc |
| | $1 | 2001 |
| | $a | 1747-1916 гг. |
| | $v | Д. 405 |
| | $1 | 251 |
| | $c | Опись |
| | $1 | 852 |
| | $j | 3 |